[Event "FRA-ch op FIDE"]
[Site "Paris"]
[Date "1994.??.??"]
[Round "9"]
[White "Robovic, Saudin"]
[Black "Spiridonov, Nikola"]
[Result "1-0"]
[WhiteElo "2410"]
[BlackElo "2435"]
[PlyCount "73"]
[EventDate "1994.??.??"]
[EventType "swiss"]
[EventRounds "9"]
[EventCountry "FRA"]
[SourceTitle "EXT 1998"]
[Source "ChessBase"]
[SourceDate "1997.11.17"]
[SourceVersion "1"]
[SourceVersionDate "1997.11.17"]
[SourceQuality "1"]

1. e4 c6 2. d4 d5 3. Nd2 dxe4 4. Nxe4 Nd7 5. Bc4 Ngf6 6. Ng5 e6 7. Qe2 Nb6 8. Bb3 h6 9. N5f3 a5 10. c3 c5 11. Bf4 a4 12. Bc2 Nbd5 13. Bd2 Qc7 14. dxc5 Bxc5 15. a3 Bd7 16. Nh3 Bd6 17. Nd4 0-0 18. 0-0-0 Rfc8 19. Qd3 e5 20. Nb5 Bxb5 21. Qxb5 Ra5 22. Qe2 Rc5 23. Bf5 Re8 24. f3 e4 25. Bxe4 Nxe4 26. fxe4 Nf6 27. Nf2 Rc4 28. Qd3 b5 29. Kb1 Bxh2 30. Bxh6 Bg3 31. Be3 Qe5 32. Bd4 Qf4 33. e5 Rxe5 34. Bxe5 Qxe5 35. Qd8+ Ne8 36. Rde1 Qf5+ 37. Ka1 1-0

[Event "Kecskemet"]
[Site "Kecskemet"]
[Date "1994.??.??"]
[Round "?"]
[White "Robovic, Saudin"]
[Black "Vadasz, Laszlo"]
[Result "1-0"]
[WhiteElo "2415"]
[BlackElo "2365"]
[PlyCount "113"]
[EventDate "1994.11.??"]
[EventType "tourn"]
[EventRounds "11"]
[EventCountry "HUN"]
[EventCategory "7"]
[SourceTitle "CBM 045 Extra"]
[Source "ChessBase"]
[SourceDate "1995.05.01"]
[SourceVersion "1"]
[SourceVersionDate "1995.05.01"]
[SourceQuality "1"]

1. e4 c6 2. d4 d5 3. Nd2 dxe4 4. Nxe4 Bf5 5. Ng3 Bg6 6. h4 h6 7. Nf3 Nd7 8. h5 Bh7 9. Bd3 Bxd3 10. Qxd3 Ngf6 11. Bd2 e6 12. 0-0-0 Qc7 13. Ne4 0-0-0 14. g3 Nxe4 15. Qxe4 c5 16. Bf4 Bd6 17. Bxd6 Qxd6 18. Rd3 Kb8 19. Rhd1 c4 20. Rc3 Rc8 21. Ne5 Nf6 22. Qe2 Rhf8 23. Rxc4 Rxc4 24. Nxc4 Qd5 25. Qe5+ Qxe5 26. Nxe5 Kc7 27. g4 Nd7 28. f4 Nxe5 29. fxe5 g6 30. Rf1 gxh5 31. gxh5 Kc6 32. Rf6 Kd5 33. c3 b5 34. Kc2 a5 35. Kb3 b4 36. Rxh6 bxc3 37. bxc3 a4+ 38. Kc2 Rg8 39. Rf6 Kc4 40. Rf2 Rg3 41. Rh2 Rxc3+ 42. Kd2 Rd3+ 43. Ke2 Rxd4 44. h6 Rd8 45. h7 Rh8 46. Ke3 Kd5 47. Kf4 a3 48. Rh1 Kd4 49. Rh5 Kd5 50. Ke3 Kc6 51. Ke4 Kc5 52. Rh3 Kc6 53. Kf4 Kd5 54. Kg5 Kxe5 55. Kh6 f5 56. Kg7 Rxh7+ 57. Kxh7 1-0

[Event "Ticino op"]
[Site "Ticino"]
[Date "1994.??.??"]
[Round "2"]
[White "Robovic, Saudin"]
[Black "Wagner Michel, Annett"]
[Result "1-0"]
[WhiteElo "2415"]
[BlackElo "2180"]
[PlyCount "43"]
[EventDate "1994.??.??"]
[EventType "swiss"]
[EventRounds "7"]
[EventCountry "SUI"]
[SourceTitle "EXT 1997"]
[Source "ChessBase"]
[SourceDate "1996.11.15"]
[SourceVersion "1"]
[SourceVersionDate "1996.11.15"]
[SourceQuality "1"]

1. e4 e5 2. Nf3 Nc6 3. Bb5 f5 4. d3 d6 5. Nc3 Nf6 6. Qe2 fxe4 7. Nxe4 Bg4 8. d4 Nd7 9. Bxc6 bxc6 10. h3 Bxf3 11. gxf3 Be7 12. dxe5 Nxe5 13. f4 Nf7 14. Bd2 Nh6 15. Qh5+ Kd7 16. 0-0-0 Qf8 17. Be3 Qf5 18. Qf3 Qb5 19. a4 Qa5 20. Nc5+ Ke8 21. Qxc6+ Kf7 22. Qd5+ 1-0

[Event "FRA-ch op FIDE"]
[Site "Paris"]
[Date "1994.??.??"]
[Round "8"]
[White "Troffiguer, Olivier"]
[Black "Robovic, Saudin"]
[Result "0-1"]
[WhiteElo "2100"]
[BlackElo "2410"]
[PlyCount "122"]
[EventDate "1994.??.??"]
[EventType "swiss"]
[EventRounds "9"]
[EventCountry "FRA"]
[SourceTitle "EXT 1998"]
[Source "ChessBase"]
[SourceDate "1997.11.17"]
[SourceVersion "1"]
[SourceVersionDate "1997.11.17"]
[SourceQuality "1"]

1. d4 Nf6 2. Nf3 g6 3. Bg5 Bg7 4. Nbd2 0-0 5. e4 d6 6. c3 Nbd7 7. Bc4 h6 8. Bh4 e5 9. dxe5 dxe5 10. 0-0 Qe8 11. Qc2 Nb6 12. Bxf6 Bxf6 13. Bb3 a5 14. a4 Bg4 15. h3 Bd7 16. Rfd1 Bg7 17. Nf1 Kh8 18. Ne3 Qe7 19. Nd5 Nxd5 20. Bxd5 c6 21. Bc4 Rad8 22. Rd2 Bc8 23. Rad1 Kg8 24. Qb3 Rxd2 25. Rxd2 Qc7 26. Qd1 Bf6 27. Nh2 Kg7 28. Ng4 Be7 29. Ne3 Bg5 30. Rd3 Rd8 31. Rxd8 Qxd8 32. Qxd8 Bxd8 33. Kf1 h5 34. Ke2 Bc7 35. b4 f5 36. f3 Kf6 37. b5 Kg5 38. bxc6 bxc6 39. Bf7 h4 40. Kd3 Kf6 41. Bg8 Bb6 42. Bc4 Kg5 43. Bf7 Kf4 44. Nf1 fxe4+ 45. fxe4 Ba6+ 46. c4 g5 47. Be6 Bd4 48. Nd2 Bb7 49. Nb3 Bb6 50. Nd2 Bd8 51. Nf3 c5 52. Bd5 Bc8 53. Nd2 Kg3 54. Nf3 Bf6 55. Ne1 Bd7 56. Ke2 Bxa4 57. Kf1 Bd1 58. Nd3 a4 59. Nc1 a3 60. Bc6 g4 61. Ke1 Kxg2 0-1